The Mortgage Corporation v Lambert and Co (a firm) (2) Thomas Alan Stanbury (Record no. 64298)

MARC details
000 -LEADER
fixed length control field 01569cam a2200253 4500
001 - CONTROL NUMBER
control field ABS62667
008 - FIXED-LENGTH DATA ELEMENTS--GENERAL INFORMATION
fixed length control field 000000n2000 000 0 eng u
035 ## - SYSTEM CONTROL NUMBER
System control number (Sirsi) u107613
245 #4 - TITLE STATEMENT
Title The Mortgage Corporation v Lambert and Co (a firm) (2) Thomas Alan Stanbury
260 ## - PUBLICATION, DISTRIBUTION, ETC.
Date of publication, distribution, etc. 2000
490 ## - SERIES STATEMENT
Series statement Building Law Reports
Volume/sequential designation [2000] 6 265-271(7)
520 ## - SUMMARY, ETC.
Summary, etc. CA 11 April 2000. The claimant, (TMC) had advanced a mortgage on a house valued at £250,000 on 30 April 1990, by the defendant L. The borrowers defaulted on the mortgage and the property was repossessed. In April 1996, M's valuer retrospectively value the house, at £150,000, and the property was finally sold for £100,000. On 15 October 1996, TMC commenced proceedings, alleging that the valuers had acted negligently and over-valued the property. The issue was whether loss accrued more than six years before writ, and if the defendants assertion was correct, whether TMC could take advantage of the three year extension afforded by the Limitation Act 1980 s14A. Judge held that the provisions of the Act meant that the claimant's writ had been issued within time, the defendant appealded. 'Held' appeal dismissed.
590 ## - LOCAL NOTE (RLIN)
Local note ABS
650 ## - SUBJECT ADDED ENTRY--TOPICAL TERM
Topical term or geographic name entry element MORTGAGE LENDERS
650 ## - SUBJECT ADDED ENTRY--TOPICAL TERM
Topical term or geographic name entry element ARREARS
650 ## - SUBJECT ADDED ENTRY--TOPICAL TERM
Topical term or geographic name entry element Valuation
9 (RLIN) 6273
650 ## - SUBJECT ADDED ENTRY--TOPICAL TERM
Topical term or geographic name entry element MORTGAGE CORPORATION V LAMBERT AND CO (A FIRM) (2) THOMAS ALAN STANBURY
650 ## - SUBJECT ADDED ENTRY--TOPICAL TERM
Topical term or geographic name entry element LIMITATION
650 ## - SUBJECT ADDED ENTRY--TOPICAL TERM
Topical term or geographic name entry element LIMITATION ACT 1980 S14A
650 ## - SUBJECT ADDED ENTRY--TOPICAL TERM
Topical term or geographic name entry element EXTENSION OF TIME
650 ## - SUBJECT ADDED ENTRY--TOPICAL TERM
Topical term or geographic name entry element OVER VALUATION
690 ## - LOCAL SUBJECT ADDED ENTRY--TOPICAL TERM (OCLC, RLIN)
Topical term or geographic name as entry element RATING AND LOCAL TAXATION-CASE LAW
942 ## - ADDED ENTRY ELEMENTS (KOHA)
Suppress in OPAC 0
Holdings
Withdrawn status Lost status Source of classification or shelving scheme Damaged status Not for loan Home library Current library Shelving location Date acquired Total Checkouts Full call number Barcode Date last seen Copy number Price effective from Koha item type
    Dewey Decimal Classification     London London Journal article 07/08/2000   ABS62667 107613-1001 06/08/2019 1 06/08/2019 Law report